| 000 | 02032nam a22004217a 4500 | ||
|---|---|---|---|
| 005 | 20150820090133.0 | ||
| 008 | 150820b2014 ck |||||r|||| 00| 0 spa d | ||
| 022 | _a2323-072XX | ||
| 040 |
_aCO-BoIAVH _cCO-BoIAVH |
||
| 041 | 0 | _aspa | |
| 044 | _ack | ||
| 082 | 0 | 4 |
_a372.35 _bL93i |
| 100 | 1 |
_aLucio-Arias, Diana _935682 |
|
| 245 | 1 |
_aIndicadores de ciencia y tecnología, Colombia 2014 / _cDiana Lucio-Arias, Sandra Carolina Rivera Torres... [et al] |
|
| 260 | 3 |
_aBogotá (Colombia): _bObservatorio Colombiano de Ciencia y Tecnología, _c2014. |
|
| 300 |
_a208 p. _bgráficas, ilustraciones, mapas _c24 cm. |
||
| 500 | _aIncluye anexos de siglas y acrónimos. | ||
| 505 | _aCap. 1 Inversión en actividades de ciencia, tecnología e innovación. Cap. 2 Formación científica y tecnológica. Cap. 3 Capacidades nacionales de ciencia y tecnología. Cap. 4 Producción bibliográfica. Cap. 5 Títulos de propiedad industrial. Cap. 6 Innovación en el sector servicios. Cap. 7 Departamento administrativo de Ciencia, Tecnología e Innovación - Colciencias. | ||
| 610 | 4 |
_aColciencias _vEstadísticas _937137 |
|
| 610 | 4 |
_aColciencias _vIndicadores _937138 |
|
| 650 | 6 |
_aCiencia y tecnología _vEstadísticas _z Colombia. _937139 |
|
| 650 | 6 |
_aCiencia y tecnología _vIndicadores _z Colombia. _937140 |
|
| 650 | 6 |
_aInvestigación científica _vEstadísticas _z Colombia. _937141 |
|
| 650 | 6 |
_aInvestigación científica _vIndicadores _z Colombia. _937142 |
|
| 700 | 1 |
_aRivera Torres, Sandra Carolina _937143 |
|
| 700 | 1 |
_aTique Ortiz, Jineth _937144 |
|
| 700 | 1 |
_aVillareal, Nelson Fabián _937145 |
|
| 700 | 1 |
_aLucio, Jorge _935679 |
|
| 700 | 1 |
_aMora, Henry _937146 |
|
| 700 | 1 |
_aPerea, Gloria Inés _937147 |
|
| 700 | 1 |
_aGuevara, Andrea _937148 |
|
| 700 | 1 |
_aSalinas Pico, Jenny Marcela _937149 |
|
| 700 | 1 |
_aTorralba Barreto, Daniel Ricardo _937150 |
|
| 700 | 1 |
_aMelo Martínez, Fabian Hernán _937151 |
|
| 700 | 1 |
_aMárquez, Natalia _937152 |
|
| 700 | 1 |
_aGaravito Muñoz, María Paula _937153 |
|
| 942 |
_2ddc _cLIBRO |
||
| 999 |
_c17691 _d17691 |
||